000 01143cam a22003131 4500
001 gs 46000018
003 DLC
005 20260227111351.0
008 770207s1945 miuab b s000 0 eng c
010 _ags 46000018
035 _a(OCoLC)2722941
040 _aU.S. Geol. Survey. Library
_cInMuB
_dInMuB
_dDLC
042 _apremarc
043 _an-us-mi
050 0 0 _aQE125
_b.A4 no. 36
051 _aQE126.M3
_bS8 Copy 2
082 _a557.74
100 1 _aStanley, George M.,
_d1905-
245 1 0 _aPre-historic Mackinac Island,
_cby George M. Stanley.
260 _aLansing,
_c1945.
300 _a74 p.
_billus., maps (1 fold.)
_c24 cm.
490 1 _aMichigan. Dept. of Conservation. Geological Survey Division. Publication 43; Geological series 36
500 _a"Published as a part of the Biennial report of the Geological Survey Division for 1944."
504 _aBibliography: p. 74.
650 0 _aGeology
_zMichigan
_zMackinac Island.
651 0 _aMackinac Island (Mich.)
810 1 _aMichigan.
_bGeological Survey Division.
_tPublication ;
_v43.
810 1 _aMichigan.
_bGeological Survey Division.
_tGeological series ;
_v36.
999 _c28055
_d28055